000 00308nam a2200121Ia 4500
008 170620s9999 xx 000 0 und d
100 _aALI MOHAMMAD
245 0 _aTEXTBOOK OF PHARMACUTICAL ORGANIC CHEMISTRY
260 _bCBS DELHI
260 _c2006
300 _a475
546 _aEnglish
690 _a PHARMACUTICAL ORGANIC CHEMISTRY
999 _c30747
_d30747